<?xml version="1.0" encoding="UTF-8"?>
<collection xmlns="http://www.loc.gov/MARC21/slim">
 <record>
  <leader>     na                 </leader>
  <controlfield tag="001">INLIS000000001059329</controlfield>
  <controlfield tag="005">20240130025414</controlfield>
  <datafield tag="035" ind1=" " ind2=" ">
   <subfield code="a">0010-0124000226</subfield>
  </datafield>
  <controlfield tag="006">a    er     000 f</controlfield>
  <controlfield tag="007">ta</controlfield>
  <controlfield tag="008">240130                e          f ind  </controlfield>
  <datafield tag="040" ind1=" " ind2=" ">
   <subfield code="a">JKPNPNA</subfield>
   <subfield code="b">ind</subfield>
   <subfield code="c">JBPUPMDM</subfield>
   <subfield code="e">rda</subfield>
  </datafield>
  <datafield tag="100" ind1="1" ind2=" ">
   <subfield code="a">Hearn, Lian</subfield>
   <subfield code="e">Pengarang</subfield>
  </datafield>
  <datafield tag="245" ind1="1" ind2=" ">
   <subfield code="a">Across the nightingale floor tales of the otori 1= :</subfield>
   <subfield code="b">lantai burung Bulbul /</subfield>
   <subfield code="c">Lian Hearn ; alih bahasa, Meithya Prasetya &amp; Barokah Ruziati ; editor, Barokah Ruziati</subfield>
  </datafield>
  <datafield tag="300" ind1=" " ind2=" ">
   <subfield code="a">xiii, 347 halaman ;</subfield>
   <subfield code="c">20 cm</subfield>
  </datafield>
  <datafield tag="999" ind1=" " ind2=" ">
   <subfield code="a">CB-D.09 2020-011900</subfield>
  </datafield>
  <datafield tag="020" ind1=" " ind2=" ">
   <subfield code="a">978-602-06-2425-9</subfield>
  </datafield>
  <datafield tag="020" ind1=" " ind2=" ">
   <subfield code="a">978-602-06-2426-6 (DIGITAL)</subfield>
  </datafield>
  <datafield tag="082" ind1=" " ind2=" ">
   <subfield code="a">823.23</subfield>
  </datafield>
  <datafield tag="084" ind1=" " ind2=" ">
   <subfield code="a">823.23 HEA a</subfield>
  </datafield>
  <datafield tag="264" ind1=" " ind2=" ">
   <subfield code="a">Jakarta :</subfield>
   <subfield code="b">PT. Gramedia Pustaka Utama,</subfield>
   <subfield code="c">2020</subfield>
  </datafield>
  <datafield tag="336" ind1=" " ind2=" ">
   <subfield code="2">rdacontent</subfield>
   <subfield code="a">teks</subfield>
  </datafield>
  <datafield tag="337" ind1=" " ind2=" ">
   <subfield code="2">rdamedia</subfield>
   <subfield code="a">tanpa perantara</subfield>
  </datafield>
  <datafield tag="338" ind1=" " ind2=" ">
   <subfield code="2">rdacarrier</subfield>
   <subfield code="a">volume</subfield>
  </datafield>
  <datafield tag="520" ind1=" " ind2=" ">
   <subfield code="a">Takeo berusia enam belas tahun ketika desanya diluluhlantakkan panglima perang yang jahat. Ia sendiri tadinya akan dibunuh orang-orang yang menewaskan orangtua dan para tetangganya. Pada saat-saat terakhir, ia diselamatkan seorang bangsawan, yang menyatakan mereka memiliki hubungan darah dan mulai mendidiknya. Takeo lalu mendapati dirinya ternyata memiliki kekuatan langka. Dan seiring tumbuh dewasa, ia harus memutuskan kepada siapa loyalitasnya akan diberikan: tuan dan ayah angkatnya; Kaum Hidden, sekte spiritual rahasia yang terlarang; atau Kaum Tribe, para pembunuh dan mata-mata. Kisah tentang pengkhianatan, intrik politik, dan kekuatan cinta pertama, dengan latar dunia yang penuh dengan ritual formal dan prinsip kehormatan, Across the Nightingale Floor merupakan kisah lintas genre, lintas generasi, dan lintas gender yang memikat.</subfield>
  </datafield>
  <datafield tag="521" ind1=" " ind2=" ">
   <subfield code="a">Untuk dewasa</subfield>
  </datafield>
  <datafield tag="650" ind1=" " ind2="4">
   <subfield code="a">Fiksi Australia (bahasa Indonesia)</subfield>
  </datafield>
  <datafield tag="700" ind1="0" ind2=" ">
   <subfield code="a">Meithya Prasetya</subfield>
   <subfield code="e">penerjemah</subfield>
  </datafield>
  <datafield tag="700" ind1="0" ind2=" ">
   <subfield code="a">Barokah Ruziati</subfield>
   <subfield code="e">editor</subfield>
  </datafield>
  <datafield tag="850" ind1=" " ind2=" ">
   <subfield code="a">JBPUPMDM</subfield>
  </datafield>
  <datafield tag="856" ind1=" " ind2=" ">
   <subfield code="x">http://opac.perpusnas.go.id/uploaded_files/sampul_koleksi/original/Monograf/1333494.JPG?rnd=42133886</subfield>
   <subfield code="y">http://opac.perpusnas.go.id/DetailOpac.aspx?id=1333494</subfield>
  </datafield>
  <datafield tag="990" ind1=" " ind2=" ">
   <subfield code="a">00666/PMDM/2023</subfield>
  </datafield>
  <datafield tag="990" ind1=" " ind2=" ">
   <subfield code="a">00667/PMDM/2023</subfield>
  </datafield>
  <datafield tag="990" ind1=" " ind2=" ">
   <subfield code="a">00668/PMDM/2023</subfield>
  </datafield>
 </record>
</collection>
<pre>An Error occurred while handling another error:
yii\web\HeadersAlreadySentException: Headers already sent in /var/www/html/inlislite3/common/components/MarcHelpers.php on line 193. in /var/www/html/inlislite3/vendor/yiisoft/yii2/web/Response.php:369
Stack trace:
#0 /var/www/html/inlislite3/vendor/yiisoft/yii2/web/Response.php(342): yii\web\Response-&gt;sendHeaders()
#1 /var/www/html/inlislite3/vendor/yiisoft/yii2/web/ErrorHandler.php(136): yii\web\Response-&gt;send()
#2 /var/www/html/inlislite3/vendor/yiisoft/yii2/base/ErrorHandler.php(152): yii\web\ErrorHandler-&gt;renderException(Object(yii\web\HeadersAlreadySentException))
#3 [internal function]: yii\base\ErrorHandler-&gt;handleException(Object(yii\web\HeadersAlreadySentException))
#4 {main}
Previous exception:
yii\web\HeadersAlreadySentException: Headers already sent in /var/www/html/inlislite3/common/components/MarcHelpers.php on line 193. in /var/www/html/inlislite3/vendor/yiisoft/yii2/web/Response.php:369
Stack trace:
#0 /var/www/html/inlislite3/vendor/yiisoft/yii2/web/Response.php(342): yii\web\Response-&gt;sendHeaders()
#1 /var/www/html/inlislite3/vendor/yiisoft/yii2/base/Application.php(390): yii\web\Response-&gt;send()
#2 /var/www/html/inlislite3/opac/index.php(26): yii\base\Application-&gt;run()
#3 {main}</pre><br />
<b>Warning</b>:  file_put_contents(/var/www/html/inlislite3/opac/runtime/debug/6a05f04522138.data): failed to open stream: Permission denied in <b>/var/www/html/inlislite3/vendor/yiisoft/yii2-debug/src/LogTarget.php</b> on line <b>74</b><br />
